| 000 | 02115nam0a2200373 4500 | ||
|---|---|---|---|
| 001 | RU\NLR\BIBL_A\022722714 | ||
| 005 | 20260420063143.0 | ||
| 010 |
_a978-5-392-45469-3 _91000 |
||
| 021 |
_aRU _bКН-П-25-077287 _9КН-П-25-7492 |
||
| 035 | _a(NLR Aleph) 022722714 | ||
| 090 |
_a13688067 _c13688067 |
||
| 100 | _a20260209d2026 m y0rusy50 ca | ||
| 101 | 0 | _arus | |
| 102 | _aRU | ||
| 105 | _ay j 000yy | ||
| 181 | 0 |
_ai4 _baxxe |
|
| 182 | 0 | _an | |
| 200 | 1 |
_aТрудовое право России _eучебник _f[Н. В. Черных, канд. юрид. наук, доц., Г. В. Шония, канд. юрид. наук, А. А. Андреев, канд. юрид. наук, доц. [и др.] _gпод общей редакцией Н. В. Черных, И. В. Шестеряковой _gМосковский государственный юридический университет имени О. Е. Кутафина (МГЮА) |
|
| 203 |
_aТекст _bвизуальный _cнепосредственный |
||
| 210 |
_aМосква _cПроспект _d2026 (печ. 2025) |
||
| 215 |
_a232 с. _d22 |
||
| 225 | 1 | _aСреднее профессиональное образование (СПО) | |
| 300 | _aАвт. указаны на с. 3 | ||
| 606 | 1 |
_aТрудовое право _jУчебники для среднего профессионального образования _yРоссийская Федерация _92071166 _3RU\NLR\AUTH\661245915 |
|
| 686 | 1 | _aХ627я723 | |
| 701 | 1 |
_aЧерных _bН. В. _gНадежда Вячеславовна |
|
| 701 | 1 |
_aШония _bГ. В. _gГури Вахтангович |
|
| 701 | 1 |
_7ca _8rus _aАндреев _bА. А. _cканд. юрид. наук _gАлексей Александрович _9169574 _3RU\NLR\AUTH\770169624 |
|
| 712 | 0 | 2 |
_4570 _aМосковский государственный юридический университет им. О. Е. Кутафина _9357016 _3RU\NLR\AUTH\8810235884 |
| 942 | _cBOOK | ||
| 980 | _aNB | ||